Nuevo diccionario Cuyás Inglés-Español y Español-Inglés de Appleton = Appleton´s New Cuyás English-Spanish and Spanish-English Dictionary (Record no. 3946)

MARC details
000 -CABECERA
campo de control de longitud fija 01457nam a2200313 a 4500
001 - NÚMERO DE CONTROL
campo de control BRCA_4235
005 - FECHA Y HORA DE LA ÚLTIMA TRANSACCIÓN
campo de control 20190320204608.0
008 - DATOS DE LONGITUD FIJA--INFORMACIÓN GENERAL
campo de control de longitud fija 110610s1966----nyu#######---#000-0#spa-#
041 ## - CÓDIGO DE LENGUA
Código de lengua del texto/banda sonora o título independiente spaeng
044 ## - CÓDIGO DEL PAÍS DE LA ENTIDAD EDITORA/PRODUCTORA
Código MARC del país nyu
050 #4 - SIGNATURA TOPOGRÁFICA DE LA BIBLIOTECA DEL CONGRESO
Número de clasificación PC4640
Número de documento/Ítem .C89 1966
100 1# - ENTRADA PRINCIPAL--NOMBRE DE PERSONA
Nombre de persona Cuyás, Arturo
9 (RLIN) 10915
245 10 - MENCIÓN DE TÍTULO
Título Nuevo diccionario Cuyás Inglés-Español y Español-Inglés de Appleton = Appleton´s New Cuyás English-Spanish and Spanish-English Dictionary
Mención de responsabilidad, etc. por Arturo Cuyás ; corregido y aumentado por Lewis E. Brett (parte 1) y Helen S. Eaton (parte 2) ; con la colaboración de Walter Beveraggi-Allende ; revisión editorial de Catherine B. Avery.
250 ## - MENCIÓN DE EDICIÓN
Mención de edición 5
260 ## - PUBLICACIÓN, DISTRIBUCIÓN, ETC.
Lugar de publicación, distribución, etc. Nueva York
Nombre del editor, distribuidor, etc. Appleton-Century-Crofts
Fecha de publicación, distribución, etc. 1966
300 ## - DESCRIPCIÓN FÍSICA
Extensión 589 p.
Dimensiones 24 cm.
500 ## - NOTA GENERAL
Nota general Incluye apéndice: Nombres geográficos que se escriben de distinto modo en inglés y en español, nombres diminutivos y abreviados de personas usados familiarmente en inglés y abreviaturas más usuales
500 ## - NOTA GENERAL
Nota general Diccionario inventariado por Banco de México como libro
500 ## - NOTA GENERAL
Nota general AM47
546 ## - NOTA DE LENGUA/LENGUAJE
Nota de lengua/lenguaje Texto en español e inglés
650 14 - PUNTO DE ACCESO ADICIONAL DE MATERIA--TÉRMINO DE MATERIA
Término de materia o nombre geográfico como elemento de entrada Español
Subdivisión de forma Diccionarios
Subdivisión general Inglés
9 (RLIN) 5934
650 14 - PUNTO DE ACCESO ADICIONAL DE MATERIA--TÉRMINO DE MATERIA
Término de materia o nombre geográfico como elemento de entrada Inglés
Subdivisión de forma Diccionarios
Subdivisión general Español
9 (RLIN) 5933
700 1# - PUNTO DE ACCESO ADICIONAL--NOMBRE DE PERSONA
Nombre de persona Brett, Lewis E.
9 (RLIN) 10916
700 1# - PUNTO DE ACCESO ADICIONAL--NOMBRE DE PERSONA
Nombre de persona Eaton, Helen S.
9 (RLIN) 10917
700 1# - PUNTO DE ACCESO ADICIONAL--NOMBRE DE PERSONA
Nombre de persona Beveraggi-Allende, Walter
9 (RLIN) 10918
740 0# - PUNTO DE ACCESO ADICIONAL--TÍTULO RELACIONADO O ANALÍTICO NO CONTROLADO
Título relacionado o analítico no controlado Appleton´s New Cuyás English-Spanish and Spanish-English Dictionary
902 ## - CATALOGADOR
Iniciales GFM
942 ## - ELEMENTOS DE PUNTO DE ACCESO ADICIONAL (KOHA)
Fuente del sistema de clasificación o colocación Library of Congress Classification
Tipo de ítem Koha Libros
Holdings
Estado de retiro Estado de pérdida Estado dañado No para préstamo Localización permanente Ubicación/localización actual Fecha de adquisición Número de inventario Total de préstamos Signatura topográfica completa Código de barras Fecha visto por última vez Precio válido a partir de Tipo de ítem Koha
El ejemplar forma parte de la colección y puede ser consultado según las políticas vigentes.       Biblioteca del Museo Franz Mayer (Rogerio Casas-Alatriste) Biblioteca del Museo Franz Mayer (Rogerio Casas-Alatriste) 10/06/2010 AM47   PC4640 .C89 1966 (AM47) 4232 22/03/2019 22/03/2019 Libros